header

Quantum probability and related topics (Record no. 56896)

MARC details
000 -LEADER
fixed length control field 01655nam a2200349Ia 4500
082 04 - DEWEY DECIMAL CLASSIFICATION NUMBER
Classification number 530.1201/5192
245 10 - TITLE STATEMENT
Title Quantum probability and related topics
260 ## - PUBLICATION, DISTRIBUTION, ETC. (IMPRINT)
Place of publication Singapore ;
-- Hackensack, NJ :
Name of publisher World Scientific,
Year of publication c2013.
300 ## - PHYSICAL DESCRIPTION
Number of Pages viii, 271 p.
490 0# - SERIES STATEMENT
Series statement QP-PQ, quantum probability and white noise analysis ;
650 #0 - SUBJECT ADDED ENTRY--TOPICAL TERM
Topical Term Probabilities
Topical Term Quantum theory
700 1# - ADDED ENTRY--PERSONAL NAME
Personal name Accardi, L.
Personal name Fagnola, Franco.
856 40 - ELECTRONIC LOCATION AND ACCESS
Uniform Resource Identifier http://site.ebrary.com/lib/rucke/Doc?id=10674330

No items available.

© 2026 Rongo University
Contact us: librarian | system librarian | Rongo university